000 00732nam a22002770a 4500
001 PT62462
003 AR-LpoUNG
005 20210131232107.0
008 191001s2018||||mx |||||||||||||||||spa d
020 _a9786071659170
_c$54.46
040 _aAR-LpoUNG
_bspa
_cAR-LpoUNG
_eaacr
041 _aspa
044 _amx
082 0 _aR291 638dic
100 1 _aBlancarte, Roberto
_ecoor.
245 1 0 _aDiccionario de religiones en América Latina
250 _a1ra. ed.
260 _aMéxico, D. F. :
_bFondo de Cultura Económica,
_c2018.
300 _a698 p. :
_bfot.
650 4 _aAMERICA LATINA
650 4 _aMATERIAL DE REFERENCIA
650 4 _aRELIGION
650 4 _aTERMINOLOGIA
905 _a62462
942 _cLSALA
999 _c13736
_d13736